000 nam a22 7a 4500
999 _c7917
_d7917
008 171109b xxu||||| |||| 00| 0 eng d
100 _94381
_aNCERT
245 _aSCIENCE LABORATARY MANUAL-IX
260 _aNEW DELHI
_bNCERT
_c2017